chansons de soy luna les plus écoutées sur spotify - Statistiques

Statistiques générales
  • Ce quiz a été pris 31 fois
  • Le résultat moyen est 7 sur 10
Statistiques - réponses
Streams Réponse % Correct
42,903,897 Alas
96%
23,460,534 Valiente
92%
38,165,066 Eres
88%
26,470,847 Allá voy
73%
26,694,239 Prófugos
73%
21,920,565 Vives en mí
69%
26,127,357 ¿Cómo me ves?
62%
31,718,172 La vida es un sueño
42%
21,493,440 Modo amar
38%
20,177,203 I'd be crazy
19%
Aucun quiz correspondant
Distribution des résultats
% des personnes avec chaque résultat
Percentile par nombre de réponses
Votre historique - résultats
Vous n’avez pas pris ce quiz